Расчет такелажной оснастки для монтажа химического оборудования (Запись № 871526)

Подробности
000 -МАРКЕР
контрольное поле 02135nam0a2200337 4500
001 - ИДЕНТИФИКАТОР ЗАПИСИ
контрольное поле RU\NLR\bibl\457090
005 - ИДЕНТИФИКАТОР ВЕРСИИ
контрольное поле 20250623183101.0
010 ## - МЕЖДУНАРОДНЫЙ СТАНДАРТНЫЙ НОМЕР КНИГИ (ISBN)
Номер (ISBN) 5-230-04188-9
Тираж 100
021 ## - НОМЕР ГОСУДАРСТВЕННОЙ РЕГИСТРАЦИИ
Код страны Российская Федерация
Номер 2003-49797
Номер Листа государственной регистраци 2403
035 ## - ДРУГИЕ СИСТЕМНЫЕ НОМЕРА
Идентификатор записи (NLR Aleph) 000450609
100 ## - ДАННЫЕ ОБЩЕЙ ОБРАБОТКИ
Данные общей обработки 20031110d2003 |||y0rusy50 ca
101 0# - ЯЗЫК РЕСУРСА
Язык текста, звукозаписи и т.д. русский
102 ## - СТРАНА ПУБЛИКАЦИИ ИЛИ ПРОИЗВОДСТВА
Страна публикации Российская Федерация
105 ## - ПОЛЕ КОДИРОВАННЫХ ДАННЫХ: ТЕКСТОВЫЕ МАТЕРИАЛЫ, МОНОГРАФИЧЕСКИЕ
Кодированные данные о монографическом текстовом документе a |||||||||
200 1# - ЗАГЛАВИЕ И СВЕДЕНИЯ ОБ ОТВЕТСТВЕННОСТИ
Основное заглавие Расчет такелажной оснастки для монтажа химического оборудования
Сведения, относящиеся к заглавию Учеб. пособие
-- [Для студентов спец. 170500 "Машины и аппараты хим. пр-в и предприятий строит. материалов"]
Первые сведения об ответственности С.В. Лапшина
Последующие сведения об ответственности М-во образования Рос. Федерации, Волгогр. гос. техн. ун-т, Волж. политехн. ин-т (фил.)
210 ## - ПУБЛИКАЦИЯ, РАСПРОСТРАНЕНИЕ И ДР.
Место издания, распространения и т.д. Волгоград
Имя издателя, распространителя и т. д. Политехник
Дата издания, распространения и т.д. 2003
215 ## - ФИЗИЧЕСКАЯ ХАРАКТЕРИСТИКА
Специфическое обозначение материала и объем 77 с.
Другие сведения о физической характеристике ил.
Размеры 20
320 ## - ПРИМЕЧАНИЯ О НАЛИЧИИ В ДОКУМЕНТЕ БИБЛИОГРАФИИ / УКАЗАТЕЛЯ
Текст примечания Библиогр.: с. 64 (6 назв.)
606 0# - НАИМЕНОВАНИЕ ТЕМЫ КАК ПРЕДМЕТ
Наименование темы Такелажная оснастка
Формальный подзаголовок Руководства, пособия и т.п. для высшей школы
Тематический подзаголовок Расчет
Системный номер авторитетной/нормативной записи 2177721
Идентификатор авторитетной/нормативной записи RU\NLR\auth\661309722
606 0# - НАИМЕНОВАНИЕ ТЕМЫ КАК ПРЕДМЕТ
Наименование темы Такелажная оснастка
Формальный подзаголовок Учебные издания для высших учебных заведений
Тематический подзаголовок Расчет
Системный номер авторитетной/нормативной записи 2177721
Идентификатор авторитетной/нормативной записи RU\NLR\auth\661309722
606 0# - НАИМЕНОВАНИЕ ТЕМЫ КАК ПРЕДМЕТ
Наименование темы Химические заводы
Формальный подзаголовок Руководства, пособия и т.п. для высшей школы
Тематический подзаголовок Оборудование
-- Монтаж
-- Такелажные работы
Системный номер авторитетной/нормативной записи 1946878
Идентификатор авторитетной/нормативной записи RU\NLR\auth\661178027
606 0# - НАИМЕНОВАНИЕ ТЕМЫ КАК ПРЕДМЕТ
Наименование темы Химическое оборудование
Формальный подзаголовок Учебные издания для высших учебных заведений
Тематический подзаголовок Монтаж
-- Такелажные работы
Системный номер авторитетной/нормативной записи 2309814
Идентификатор авторитетной/нормативной записи RU\NLR\auth\661382433
686 ## - ИНДЕКСЫ ДРУГИХ КЛАССИФИКАЦИЙ
Индекс Л11-5-081-5-02я73-1
700 #1 - ИМЯ ЛИЦА - ПЕРВИЧНАЯ ОТВЕТСТВЕННОСТЬ
Начальный элемент ввода Лапшина
Часть имени, кроме начального элемента ввода С. В.
Расширение инициалов личного имени Светлана Владимировна
Код отношения Автор
801 #0 - ИСТОЧНИК ЗАПИСИ
Страна Российская Федерация
Организация NLR
Дата составления 20031110
Правила каталогизации PSBO
801 #1 - ИСТОЧНИК ЗАПИСИ
Страна Российская Федерация
Организация NLR
Дата составления 20031110
942 ## - ДОПОЛНИТЕЛЬНЫЕ ЭЛЕМЕНТЫ ЗАПИСИ (АБИС)
Тип экземпляра АБИС Книга
980 ## - КОЛЛЕКЦИЯ
Название коллекции Национальная библиография
980 ## - КОЛЛЕКЦИЯ
Название коллекции НБР
Экземпляры
Тип экземпляра Дата поступления Источник поступления Библиотека постоянного хранения Библиотека текущего хранения Место хранения Шифр хранения Штрих-код Статус экземпляра
Книга 10.11.2003 Обязательный экземпляр РНБ (Московский) РНБ (Московский) Русский книжный фонд: издания с 1957 года 2003-4/22038 1-575673  
Книга 10.11.2003 Обязательный экземпляр РНБ (Московский) РНБ (Московский) Русский книжный фонд: издания с 1957 года 2003-4/22038 1-587123